000 00608nam a2200181Ia 4500
008 151018s9999 xx 000 0 und d
082 _bRBASDV44784
_a891.463
100 _aदुर्गा - भागवत
245 _aसिध्दार्थ जातक
250 _b1
260 _bवरदा प्रकाशन पुणे
_c2000
300 _a520
600 _aदुर्गा - भागवत
630 _aसिध्दार्थ जातक
700 _aदुर्गा - भागवत
730 _aसिध्दार्थ जातक
942 _cBOOK
999 _c1043978
_d1043975